00340nam a22001337a 450000500170000000800410001702000170005804100080007508200150008310000220009824500430012026000350016330000080019820180201112658.0160427b xxu||||| |||| 00| 0 eng d a81-7446481-6 aeng b00403a004 aBharihoke, Deepak aFundamentals of Information Technology aNew DelhibExcel Books, c2009 a653